Statistics for Name the Shape, Not the Flag - Stroop Test

Click here to take the quiz!

General Stats

  • This quiz has been taken 98 times
  • The average score is 10 of 15

Answers on the Map

Answers color-coded by a green-red scale on the quiz's map according to % correct below.
 

Answer Stats

Country% Correct
Australia
79%
Mexico
79%
Norway
78%
Cyprus
76%
United Kingdom
76%
Poland
74%
Greece
71%
Germany
70%
Panama
70%
China
69%
Democratic Republic of the Congo
66%
Portugal
64%
Mali
63%
Argentina
62%
Canada
62%
Japan
62%
India
61%
Indonesia
61%
Italy
61%
Niger
61%
South Africa
61%
France
60%
New Zealand
58%
Paraguay
57%
Papua New Guinea
55%
Venezuela
55%
Saudi Arabia
50%

Score Distribution

Percentile by Number Answered

Percent of People with Each Score

Your Score History

You have not taken this quiz